The noble scholar, jurist, historian


 His Excellency Dr. Abdul Wahhab bin Ibrahim Abu Sulaiman, may Allah have mercy on him.


 He was born in Umm Al-Qura in the year 1356 AH.

تنمية المال العام وحمايته في الفقه والنظام / (Record no. 13582)

MARC details
000 -LEADER
fixed length control field 01515ctm a22002891i 4500
003 - CONTROL NUMBER IDENTIFIER
control field SA-RiAUC
005 - DATE AND TIME OF LATEST TRANSACTION
control field 20251218130148.0
008 - FIXED-LENGTH DATA ELEMENTS--GENERAL INFORMATION
fixed length control field 251215s1999 su f m 00000 ara c
040 ## - CATALOGING SOURCE
Original cataloging agency SA-JeALM
Language of cataloging ara
Transcribing agency SA-RiAUC
Description conventions rda
082 04 - DEWEY DECIMAL CLASSIFICATION NUMBER
Classification number 257.2
090 ## - LOCALLY ASSIGNED LC-TYPE CALL NUMBER (OCLC); LOCAL CALL NUMBER (RLIN)
Classification number (OCLC) (R) ; Classification number, CALL (RLIN) (NR) ر 257.2
Local cutter number (OCLC) ; Book number/undivided call number, CALL (RLIN) ا و هـ
100 1# - MAIN ENTRY--PERSONAL NAME
Personal name أوهاب، نذير بن محمد الطيب،
Dates associated with a name 1961-
Relator term مؤلف.
245 10 - TITLE STATEMENT
Title تنمية المال العام وحمايته في الفقه والنظام /
Statement of responsibility, etc. إعداد نذير بن محمد الطيب أوهاب ؛ إشراف محمد نبيل بن سعد الشاذلي.
264 #0 - PRODUCTION, PUBLICATION, DISTRIBUTION, MANUFACTURE, AND COPYRIGHT NOTICE
Place of production, publication, distribution, manufacture الرياض :
Name of producer, publisher, distributor, manufacturer جامعة الإمام محمد بن سعود الإسلامية
Date of production, publication, distribution, manufacture, or copyright notice 1999
300 ## - PHYSICAL DESCRIPTION
Extent 1072 ورقة ؛
Dimensions 30 سم
336 ## - CONTENT TYPE
Content type term نص
Content type code txt
Source rdacontent
Materials specified أطروحة
337 ## - MEDIA TYPE
Media type term بدون وسيط
Media type code n
Source rdamedia
338 ## - CARRIER TYPE
Carrier type term مجلد
Carrier type code nc
Source rdacarrier
500 ## - GENERAL NOTE
General note أطروحة (دكتوراه)-جامعة الإمام محمد بن سعود الإسلامية، 1419 هجري.
502 ## - DISSERTATION NOTE
Degree type دكتوراه
Name of granting institution جامعة الإمام محمد بن سعود الإسلامية، المعهد العالي للقضاء،
Year degree granted 1419 هجري.
504 ## - BIBLIOGRAPHY, ETC. NOTE
Bibliography, etc. note يشتمل على إرجاعات ببليوجرافية.
650 #7 - SUBJECT ADDED ENTRY--TOPICAL TERM
Topical term or geographic name entry element النظام المالي في الإسلام
Source of heading or term aucsh
650 #7 - SUBJECT ADDED ENTRY--TOPICAL TERM
Topical term or geographic name entry element المالية العامة
General subdivision قوانين وتشريعات
Source of heading or term aucsh
700 ## - ADDED ENTRY--PERSONAL NAME
Personal name الشاذلي, محمد نبيل بن سعد.
Relator term إشراف
942 ## - ADDED ENTRY ELEMENTS (KOHA)
Source of classification or shelving scheme Dewey Decimal Classification
Koha item type رسالة علمية
Suppress in OPAC No
949 ## - LOCAL PROCESSING INFORMATION (OCLC)
a SA-JeALM
d 251215
u mohamedma123
n 1
Holdings
Withdrawn status Lost status Source of classification or shelving scheme Damaged status Not for loan Home library Current library Date acquired Total checkouts Full call number Barcode Date last seen Price effective from Koha item type
    Dewey Decimal Classification     DR AbdElwahab Library DR AbdElwahab Library 12/18/2025   ر 257.2 ا و هـ 000021765 12/18/2025 12/18/2025 رسالة علمية